000 00280 a2200145 4500
001 179794
020 _a
040 _cMagnum
100 _aHoffmann, Jussara
240 1 0 _aAvaliacao
_lpor
245 1 0 _aAvaliacao
362 0 _a1899
697 _aMAGNITO: ENSINO
942 _cBK
999 _c179794
_d179794